000 00562nam a22001817a 4500
003 CEME
005 20210628203157.0
008 210122b xxu||||| |||| 00| 0 eng d
040 _c.
082 _a658.4519 INS
100 _aReuss, Carol, Silvis, Donn
_963783
245 _aInside organizational communication, international association of business communicators
250 _a2ND
260 _aISLAMABAD
_bNATIONAL BOOK FOUNDATION
_c2007
300 _aXI,368 P
650 _aORGANIZATIONAL COMMUNICATION. BUSINESS COMMUNICATION.
_963784
942 _cBK
_2ddc
999 _c572502
_d572502